| Поле | Инд. | ПП | Название | Значение |
|---|---|---|---|---|
| Тип записи | a | |||
| Библиографический уровень | m | |||
| 001 | _ | Контрольный номер | BIBLIOCLUB\0000454524 | |
| 005 | _ | Дата корректировки | 20250915104143.5 | |
| 008 | Кодируемые данные | 210927j2017 RU y d |||| 000 0 rus u | ||
| 020 | a | ISBN | 978-5-906839-55-8 | |
| 040 | a | Служба первич. каталог. | Директ-Медиа | |
| c | Служба, преобразующая запись | Директ-Медиа | ||
| 041 | a | Код языка текста | rus | |
| 044 | a | Код страны публикации | RU | |
| 084 | 2 | Источник индекса | rubbk | |
| a | Индекс другой классификации/Индекс ББК | 75.1 | ||
| 100 | 1_ | a | Автор | Починкин А. В. |
| 4 | Код отношения | 070 | ||
| 245 | a | Заглавие | Менеджмент в сфере физической культуры и спорта | |
| b | Продолж. заглавия | учебное пособие | ||
| c | Ответственность | А. В. Починкин | ||
| 260 | a | Место издания | Москва | |
| b | Издательство | Спорт | ||
| c | Дата издания | 2017 | ||
| 300 | a | Объем | 385 с. | |
| b | Иллюстрации/ тип воспроизводства | ил. | ||
| 504 | a | Библиография | Библиогр.: с. 368-371. | |
| 520 | a | Аннотация | В учебном пособии рассматриваются основы построения структуры современной спортивной организации, раскрывается содержание функций менеджмента, методов управления и руководства коллективом, особенности менеджмента в отдельных звеньях спортивного движения страны, менеджмент спортивного мероприятия, управленческие аспекты международного спортивного и олимпийского движений, инновационные направления спортивного менеджмента, а также другие вопросы, связанные с особенностями успешной деятельности спортивного руководителя.Учебное пособие написано в соответствии с требованиями Государственных образовательных стандартов высшего профессионального образования по дисциплине «Менеджмент в сфере физической культуры и спорта», направления подготовки: 49.03.01 – «Физическая культура» (квалификация – бакалавр), 38.03.02 – «Менеджмент», профиль «Менеджмент организации» (квалификация – бакалавр).Предназначено студентам физкультурных вузов, аспирантам, практикам, участвующим в управлении отечественной системой физической культуры и спорта. | |
| 538 | a | Прим. о системных особенностях | Режим доступа: электронная библиотечная система «Университетская библиотека ONLINE», требуется авторизация | |
| 856 | 4_ | u | URL | https://biblioclub.ru/index.php?page=book&id=454524 |
| a | Имя сервера/домена | Режим доступа: электронная библиотечная система «Университетская библиотека ONLINE», требуется авторизация | ||
| z | Примечание для пользователя | Участвует в КО |